[Event "47. Ilmar Raud Memorial"]
[Site "Viljandi"]
[Date "2013.07.04"]
[Round "5"]
[White "Narva, Regina"]
[Black "Korstin, Maris"]
[Result "1/2-1/2"]
[WhiteElo "2048"]
[BlackElo "2222"]
[PlyCount "76"]
[EventDate "2013.??.??"]
[EventCountry "EST"]

1. e4 c5 2. Nf3 e6 3. b3 Nc6 4. Bb5 Qb6 5. Bxc6 Qxc6 6. Qe2 Nf6 7. e5 Nd5 8. d3
Be7 9. c4 Nc7 10. Bb2 O-O 11. O-O b6 12. Nc3 Bb7 13. Ne4 Ne8 14. Rad1 f5 15.
Ng3 g6 16. Ne1 h5 17. h3 h4 18. Nh1 Ng7 19. f4 Nh5 20. Kh2 Rf7 21. Bc1 d5 22.
Rg1 dxc4 23. dxc4 Rd8 24. Nf3 Rff8 25. Qf2 Rxd1 26. Rxd1 Rd8 27. Rg1 Qe4 28.
Nxh4 Kf7 29. Ng3 Qd4 30. Qxd4 Rxd4 31. Nxh5 gxh5 32. Nf3 Bxf3 33. gxf3 Rd3 34.
Kg3 Rc3 35. Bb2 Rc2 36. Rg2 Bh4+ 37. Kh2 Bf2 38. Bc3 Rxc3 1/2-1/2

[Event "47. Ilmar Raud Memorial"]
[Site "Viljandi"]
[Date "2013.07.04"]
[Round "5"]
[White "Valner, Uku"]
[Black "Tominga, Eke"]
[Result "1/2-1/2"]
[WhiteElo "2215"]
[BlackElo "1993"]
[PlyCount "116"]
[EventDate "2013.??.??"]
[EventCountry "EST"]

1. e4 e5 2. Nf3 Nc6 3. Bc4 Nf6 4. O-O Nxe4 5. d4 exd4 6. Re1 d5 7. Bxd5 Qxd5 8.
Nc3 Qa5 9. Nxe4 Be6 10. Nfg5 O-O-O 11. Nxe6 fxe6 12. Ng5 Qf5 13. Rxe6 Bd6 14.
Qf3 Qxf3 15. Nxf3 Rhe8 16. Rxe8 Rxe8 17. Bd2 Kd7 18. Rd1 Ke6 19. Kf1 Kd5 20. c3
Kc4 21. cxd4 Kd3 22. Rc1 Rf8 23. Rc3+ Ke4 24. Re3+ Kd5 25. Bc3 b5 26. b3 a5 27.
Ke1 Ra8 28. Kd1 a4 29. Re2 axb3 30. axb3 Ra3 31. Kc2 Ra2+ 32. Kd3 Rxe2 33. Kxe2
b4 34. Bb2 Na5 35. Nd2 Bf4 36. Nf3 Nxb3 37. Kd3 Na5 38. g3 Bd6 39. Nd2 Be7 40.
Nf1 g6 41. Ne3+ Kc6 42. f4 Kb5 43. d5 Bc5 44. Nd1 Bg1 45. g4 Nc4 46. Bg7 Bxh2
47. f5 gxf5 48. gxf5 Nd6 49. Ne3 Bf4 50. Nc2 Nxf5 51. Bf6 Bg3 52. Ke4 Nd6+ 53.
Kf3 h5 54. Bd8 Be5 55. Nxb4 Kxb4 56. Bxc7 Nf7 57. Bxe5 Nxe5+ 58. Kf4 Nd7
1/2-1/2

[Event "47. Ilmar Raud Memorial"]
[Site "Viljandi"]
[Date "2013.07.04"]
[Round "5"]
[White "Kukk, Sander"]
[Black "Kastelijn, Twan"]
[Result "0-1"]
[WhiteElo "2201"]
[BlackElo "1971"]
[PlyCount "112"]
[EventDate "2013.??.??"]
[EventCountry "EST"]

1. e4 e6 2. d3 c5 3. g3 Nc6 4. Nc3 g6 5. Bg2 Bg7 6. f4 d6 7. Nf3 Nge7 8. O-O
O-O 9. Be3 Nd4 10. e5 Nec6 11. exd6 Qxd6 12. Ne4 Qe7 13. c3 f5 14. Ned2 Nxf3+
15. Nxf3 Rd8 16. Qe2 Rb8 17. Rfe1 b6 18. Bf2 Rd6 19. Rad1 Ba6 20. Qc2 Rbd8 21.
Ng5 Qd7 22. Qa4 Bb7 23. Re3 h6 24. Nf3 Ne5 25. Qxd7 Nxf3+ 26. Bxf3 R8xd7 27.
Bxb7 Rxb7 28. Kf1 Rbd7 29. Ke2 Kf7 30. Kd2 e5 31. fxe5 Bxe5 32. Kc2 Bf6 33. a4
Bg5 34. Re2 h5 35. a5 c4 36. d4 b5 37. Re5 Rd5 38. a6 Bf6 39. Rxd5 Rxd5 40. b3
Ke6 41. bxc4 bxc4 42. Ra1 Rd7 43. Ra5 Be7 44. Be3 Bd6 45. Rb5 h4 46. Bf4 g5 47.
Bxg5 hxg3 48. hxg3 Bxg3 49. Kd2 Rd6 50. Rc5 Rxa6 51. Rxc4 f4 52. Ke2 Kf5 53.
Bd8 Ra2+ 54. Kd3 f3 55. Rc5+ Ke6 56. Ra5 f2 0-1

[Event "47. Ilmar Raud Memorial"]
[Site "Viljandi"]
[Date "2013.07.04"]
[Round "5"]
[White "Chukavin, Kirill"]
[Black "Tsõganova, Monika"]
[Result "0-1"]
[WhiteElo "1871"]
[BlackElo "2110"]
[PlyCount "56"]
[EventDate "2013.??.??"]
[EventCountry "EST"]

1. c4 e5 2. Nc3 Nf6 3. Nf3 d6 4. g3 g6 5. Bg2 Bg7 6. O-O O-O 7. d3 c6 8. Rb1 a5
9. a3 Nh5 10. Nd2 f5 11. Qc2 Be6 12. e4 f4 13. b4 axb4 14. axb4 Nd7 15. b5 g5
16. Nb3 Qf6 17. bxc6 bxc6 18. c5 f3 19. Bh1 Bh3 20. Rd1 dxc5 21. Be3 Qh6 22.
Nxc5 Nxc5 23. Bxc5 Nf4 24. Bxf8 Rxf8 25. gxf4 Qh5 26. Qb3+ Kh8 27. Ne2 fxe2 28.
d4 Qg4+ 0-1

[Event "47. Ilmar Raud Memorial"]
[Site "Viljandi"]
[Date "2013.07.04"]
[Round "5"]
[White "Lumiste, Rene"]
[Black "Tuul, Tarmo"]
[Result "0-1"]
[WhiteElo "1768"]
[BlackElo "2062"]
[PlyCount "52"]
[EventDate "2013.??.??"]
[EventCountry "EST"]

1. e4 c6 2. d4 d5 3. Nc3 dxe4 4. Nxe4 Nd7 5. Nf3 Ngf6 6. Ng3 e6 7. Be2 Bd6 8.
c4 b6 9. O-O Bb7 10. a3 a5 11. Bd2 a4 12. b4 axb3 13. Qxb3 c5 14. Bc3 O-O 15.
a4 Ne4 16. Nxe4 Bxe4 17. Nd2 Bg6 18. Bf3 cxd4 19. Bxd4 Qh4 20. g3 Qxd4 21. Bxa8
Rxa8 22. Nf3 Qc5 23. Rad1 Nf6 24. Nd4 Qb4 25. Qxb4 Bxb4 26. Nc6 Bc5 0-1

[Event "47. Ilmar Raud Memorial"]
[Site "Viljandi"]
[Date "2013.07.04"]
[Round "6"]
[White "Kovalev, Vladislav"]
[Black "Miezis, Normunds"]
[Result "1/2-1/2"]
[WhiteElo "2558"]
[BlackElo "2549"]
[PlyCount "38"]
[EventDate "2013.??.??"]
[EventCountry "EST"]
[TimeControl "40/5400+30:900+30"]

1. e4 c5 2. Nf3 e6 3. d4 cxd4 4. Nxd4 a6 5. Bd3 Nc6 6. Nxc6 dxc6 7. O-O e5 8.
a4 Nf6 9. Nd2 Bc5 10. Nc4 Qe7 11. Bg5 h6 12. Bxf6 Qxf6 13. Qh5 Qg5 14. Qxg5
hxg5 15. Nxe5 Bd6 16. Nf3 g4 17. e5 Bc5 18. Nd2 Rh5 19. Rfe1 Be6 1/2-1/2

[Event "47. Ilmar Raud Memorial"]
[Site "Viljandi"]
[Date "2013.07.04"]
[Round "6"]
[White "Ladva, Ottomar"]
[Black "Agopov, Mikael"]
[Result "0-1"]
[WhiteElo "2310"]
[BlackElo "2429"]
[PlyCount "120"]
[EventDate "2013.??.??"]
[EventCountry "EST"]
[TimeControl "40/5400+30:900+30"]

1. e4 c5 2. Nf3 d6 3. d4 cxd4 4. Nxd4 Nf6 5. Nc3 a6 6. h3 e5 7. Nde2 Be7 8. g4
Nc6 9. Bg2 Be6 10. Ng3 O-O 11. O-O Rc8 12. Nf5 Ne8 13. Nxe7+ Nxe7 14. Be3 Ng6
15. Qd2 Nf6 16. Rfd1 Rc6 17. Nd5 Bxd5 18. exd5 Rc8 19. b3 Re8 20. c4 e4 21. Bd4
h5 22. Qg5 hxg4 23. hxg4 Ne5 24. Re1 Qd7 25. Rxe4 Nxe4 26. Bxe4 Qxg4+ 27. Qxg4
Nxg4 28. Bf5 Ra8 29. Bb6 Nf6 30. Bc7 Re5 31. Bh3 Ne4 32. f3 Re7 33. Ba5 Ng5 34.
Bg4 f5 35. Bxf5 Rf8 36. Bg4 Nxf3+ 37. Kg2 Nh4+ 38. Kh3 Nf5 39. Bb6 g6 40. Rd1
Kg7 41. Rd3 Re4 42. Bxf5 gxf5 43. c5 Rg4 44. Rg3 Rh8+ 45. Kg2 dxc5 46. d6 Kf7
47. d7 Ke7 48. Rxg4 fxg4 49. d8=Q+ Rxd8 50. Bxd8+ Kxd8 51. Kg3 Ke7 52. Kxg4 Ke6
53. Kf4 Kd5 54. Ke3 c4 55. bxc4+ Kxc4 56. Kd2 Kb4 57. Kc2 Ka3 58. Kb1 a5 59.
Ka1 a4 60. Kb1 b6 0-1

[Event "47. Ilmar Raud Memorial"]
[Site "Viljandi"]
[Date "2013.07.04"]
[Round "6"]
[White "Külaots, Kaido"]
[Black "Sipilä, Vilka"]
[Result "1/2-1/2"]
[WhiteElo "2581"]
[BlackElo "2423"]
[PlyCount "55"]
[EventDate "2013.??.??"]
[EventCountry "EST"]
[TimeControl "40/5400+30:900+30"]

1. e4 c5 2. Nf3 e6 3. d4 cxd4 4. Nxd4 Nc6 5. Nc3 Qc7 6. f4 a6 7. Nxc6 Qxc6 8.
Bd3 Nf6 9. Qe2 d5 10. exd5 Nxd5 11. Nxd5 Qxd5 12. Bd2 Be7 13. Be4 Qb5 14. Qxb5+
axb5 15. Ke2 Bf6 16. c3 Rb8 17. a4 bxa4 18. Rxa4 Bd7 19. Ra7 Bb5+ 20. Kf3 Ba6
21. Be3 Kd7 22. Ra1 Kc8 23. Bc5 Rd8 24. Ke3 Rd7 25. Bb6 Rd6 26. Bc5 Rd7 27. Bb6
Rd6 28. Bc5 1/2-1/2

[Event "47. Ilmar Raud Memorial"]
[Site "Viljandi"]
[Date "2013.07.04"]
[Round "6"]
[White "Volodin, Aleksandr"]
[Black "Lauk, Ülar"]
[Result "1-0"]
[WhiteElo "2485"]
[BlackElo "2403"]
[PlyCount "133"]
[EventDate "2013.??.??"]
[EventCountry "EST"]

1. d4 d5 2. c4 c6 3. Nf3 Nf6 4. e3 e6 5. b3 Nbd7 6. Bb2 Ne4 7. Bd3 f5 8. O-O
Bd6 9. Ne5 Qf6 10. f4 O-O 11. Nd2 Qh6 12. Ndf3 Ndf6 13. Qe2 Bd7 14. Bxe4 dxe4
15. Ng5 Rae8 16. Rad1 Bc8 17. Bc3 g6 18. Qe1 Qg7 19. Bb4 Qe7 20. Bxd6 Qxd6 21.
Qa5 Qb8 22. Qc5 Kg7 23. Nh3 Rd8 24. Rd2 Rd6 25. Rfd1 Rfd8 26. Ng5 Rf8 27. Nh3
b6 28. Qa3 Qc7 29. Nf2 Rfd8 30. g4 c5 31. Qb2 cxd4 32. Rxd4 Rxd4 33. Rxd4 Rxd4
34. Qxd4 Qc5 35. g5 Nd7 36. Nxd7+ Qxd4 37. exd4 Bxd7 38. Nd1 Kf7 39. Nc3 Ke7
40. Kf2 Kd6 41. b4 Bc6 42. b5 Bb7 43. Ke3 Ba8 44. Ne2 Bb7 45. h4 Bc8 46. Ng3
Bd7 47. h5 gxh5 48. Nxh5 Be8 49. Nf6 Bg6 50. a3 Ke7 51. Ng8+ Kf8 52. Nh6 Ke7
53. c5 Kd7 54. c6+ Kd6 55. Ng8 a6 56. a4 axb5 57. axb5 Bf7 58. Nf6 Bg6 59. Kd2
Kc7 60. Ke2 Kd6 61. Ke3 Kc7 62. d5 Bf7 63. Nxh7 exd5 64. Kd4 Kd6 65. Nf6 e3 66.
Kxe3 Kc5 67. Nd7+ 1-0

[Event "47. Ilmar Raud Memorial"]
[Site "Viljandi"]
[Date "2013.07.04"]
[Round "6"]
[White "Seeman, Tarvo"]
[Black "Sepp, Olav"]
[Result "1/2-1/2"]
[WhiteElo "2376"]
[BlackElo "2442"]
[PlyCount "21"]
[EventDate "2013.??.??"]
[EventCountry "EST"]

1. Nf3 Nf6 2. g3 g6 3. c4 Bg7 4. Bg2 O-O 5. O-O c6 6. d4 d5 7. cxd5 cxd5 8. Ne5
Ng4 9. Nf3 Nf6 10. Ne5 Ng4 11. Nf3 1/2-1/2

[Event "47. Ilmar Raud Memorial"]
[Site "Viljandi"]
[Date "2013.07.04"]
[Round "6"]
[White "Sõskov, Vjacheslav"]
[Black "Sriram, Jha"]
[Result "1/2-1/2"]
[WhiteElo "2278"]
[BlackElo "2437"]
[PlyCount "168"]
[EventDate "2013.??.??"]
[EventCountry "EST"]

1. e4 e5 2. Nf3 Nc6 3. Bb5 a6 4. Bxc6 dxc6 5. d3 Bd6 6. O-O Bg4 7. h3 Bh5 8.
Nbd2 Ne7 9. Re1 Qd7 10. Nf1 O-O-O 11. Ng3 Bg6 12. Rb1 c5 13. a3 Nc6 14. Be3 f6
15. Qd2 Nd4 16. Nh4 Bf7 17. Red1 g6 18. c3 Nb3 19. Qc2 Be7 20. Nf3 Qc6 21. c4
Nd4 22. Bxd4 cxd4 23. b4 h5 24. a4 h4 25. Nf1 Be6 26. Rdc1 b6 27. b5 Qb7 28. a5
bxa5 29. Qa4 axb5 30. Qxa5 Qb6 31. Qxb6 cxb6 32. Rxb5 Kc7 33. Rcb1 Bc5 34. Ra1
Ra8 35. Rbb1 g5 36. N1d2 Be7 37. Kf1 Kb7 38. Ke2 Rxa1 39. Rxa1 Ra8 40. Rxa8
Kxa8 41. Nh2 Kb7 42. Ng4 Bd7 43. Nh6 Ka6 44. Nf5 Bb4 45. Nh6 Be6 46. Nb3 b5 47.
cxb5+ Kxb5 48. Nc1 Ba3 49. Kd2 Kb4 50. Ne2 Kb3 51. Ng4 Kb2 52. Ng1 Bb4+ 53. Ke2
Be7 54. Nf3 Kc3 55. Nd2 Kc2 56. f3 Kc1 57. Nf2 Bb4 58. Nf1 Kc2 59. Nh2 Bc8 60.
Nhg4 Be7 61. Nh6 Ba6 62. Nhg4 Bb5 63. Nh2 Bb4 64. Nhg4 Be7 65. Nh2 Ba6 66. Nhg4
Bc8 67. Nh6 Bd7 68. Nhg4 Bd8 69. Nh6 Bc8 70. Nhg4 Ba6 71. Nh6 Bb7 72. Nhg4 Bc6
73. Nh6 Bb5 74. Nhg4 Be7 75. Nh6 Ba4 76. Nhg4 Kc3 77. Nh6 Bd7 78. Nhg4 Bd8 79.
Nd1+ Kc2 80. Ndf2 Bb5 81. Nh6 Kc3 82. Nd1+ Kb3 83. Nf2 Kc2 84. Nhg4 Be7 1/2-1/2

[Event "47. Ilmar Raud Memorial"]
[Site "Viljandi"]
[Date "2013.07.04"]
[Round "6"]
[White "Ehlvest, Jaan"]
[Black "Shishkov, Andrei"]
[Result "1/2-1/2"]
[WhiteElo "2623"]
[BlackElo "2375"]
[PlyCount "180"]
[EventDate "2013.??.??"]
[EventCountry "EST"]

1. c4 e6 2. Nf3 Nf6 3. g3 d5 4. Bg2 dxc4 5. Qa4+ Nbd7 6. Qxc4 a6 7. d3 b5 8.
Qc6 Rb8 9. Bf4 Nd5 10. Bg5 Be7 11. Bxe7 Qxe7 12. O-O Bb7 13. Qc2 c5 14. a3 O-O
15. Nbd2 Rfc8 16. Rac1 h6 17. Qb1 Rc7 18. Rc2 Rbc8 19. Rfc1 N5b6 20. b3 Qd6 21.
Qb2 Kf8 22. Qa1 Kg8 23. h4 Kf8 24. a4 Nf6 25. Ne5 Bxg2 26. Kxg2 Nbd5 27. axb5
axb5 28. Ra2 Nb4 29. Ra3 Nc6 30. Nef3 Qd5 31. Ra8 Kg8 32. Kg1 Kh7 33. Rxc8 Rxc8
34. Qa6 Rb8 35. Qa3 Nd7 36. Ne4 b4 37. Qa6 f5 38. Ned2 Nb6 39. Rc2 e5 40. e4
fxe4 41. dxe4 Qd6 42. Kg2 Nd4 43. Qd3 Rc8 44. Ra2 Rc6 45. h5 Nxf3 46. Qxf3 Qf6
47. Ra6 Qxf3+ 48. Kxf3 Rd6 49. Ke2 c4 50. bxc4 Nxc4 51. Rxd6 Nxd6 52. Kd3 g6
53. Nf3 b3 54. hxg6+ Kg7 55. Nd2 b2 56. Kc2 Kxg6 57. Kxb2 Kg5 58. Kc3 Kg4 59.
Kd3 h5 60. Ke3 Nf7 61. Nf3 Kh3 62. Nh4 Kg4 63. Nf3 Kh3 64. Kd3 Kg2 65. Ke2 Kh3
66. Ke3 Kg4 67. Nh4 Kh3 68. Nf5 Kg4 69. f3+ Kg5 70. Kf2 Kf6 71. f4 Nd8 72. Ke3
Ne6 73. Nh4 Nc5 74. Nf3 exf4+ 75. gxf4 Nd7 76. Nh4 Nc5 77. Kf3 Nd3 78. Ng2 Nc5
79. Ne3 Nd3 80. Nc2 Nc5 81. Nd4 Nd7 82. Kg3 Nc5 83. e5+ Kg6 84. Kh4 Nd3 85. f5+
Kg7 86. e6 Kf6 87. Kxh5 Nf4+ 88. Kg4 Nd5 89. Kf3 Ne7 90. Ke4 Nxf5 1/2-1/2

[Event "47. Ilmar Raud Memorial"]
[Site "Viljandi"]
[Date "2013.07.04"]
[Round "6"]
[White "Kanep, Meelis"]
[Black "Dubrovin, Robert"]
[Result "1-0"]
[WhiteElo "2512"]
[BlackElo "2197"]
[PlyCount "59"]
[EventDate "2013.??.??"]
[EventCountry "EST"]

1. Nf3 Nf6 2. c4 c5 3. Nc3 b6 4. e4 d6 5. d4 cxd4 6. Nxd4 Bb7 7. Qe2 e6 8. g4
h6 9. Bg2 Qc8 10. g5 hxg5 11. Bxg5 Be7 12. O-O-O a6 13. f4 Nc6 14. e5 Nxd4 15.
Rxd4 dxe5 16. fxe5 Nd5 17. cxd5 Bxg5+ 18. Kb1 exd5 19. h4 Qc5 20. Qd3 Bh6 21.
Nxd5 O-O 22. b4 Bxd5 23. bxc5 Bxg2 24. Rg1 bxc5 25. Rd6 Rab8+ 26. Kc2 Bf4 27.
Qf5 Rb4 28. Rxg2 Rfb8 29. Rd7 Rb2+ 30. Kc3 1-0

[Event "47. Ilmar Raud Memorial"]
[Site "Viljandi"]
[Date "2013.07.04"]
[Round "6"]
[White "Shvyrjov, Igor"]
[Black "Tsõganova, Monika"]
[Result "1-0"]
[WhiteElo "2461"]
[BlackElo "2110"]
[PlyCount "77"]
[EventDate "2013.??.??"]
[EventCountry "EST"]

1. d4 Nf6 2. Nf3 d5 3. g3 g6 4. Bg2 Bg7 5. O-O O-O 6. c4 c6 7. Na3 Ne4 8. Qb3
a6 9. Bf4 b5 10. cxd5 cxd5 11. Rac1 Be6 12. Rc2 f6 13. Rfc1 Nd6 14. Rc7 g5 15.
Qe3 Ne4 16. Bxg5 fxg5 17. Nxg5 Bf5 18. Nxe4 dxe4 19. Bxe4 Bxe4 20. Qxe4 Qxd4
21. Qxa8 Qxf2+ 22. Kh1 Bxb2 23. Qd5+ Kh8 24. Qd2 Bxa3 25. Qc3+ Kg8 26. Qb3+ Kh8
27. Qxa3 Qxe2 28. Qc3+ Kg8 29. Qe1 Qxa2 30. Qe4 Qd2 31. R7c2 Qd6 32. Rc8 Nd7
33. R8c6 Qd2 34. R6c2 Qg5 35. Qe6+ Kg7 36. Qxd7 Qe5 37. Qg4+ Kh8 38. Rc8 Qd5+
39. Kg1 1-0

[Event "47. Ilmar Raud Memorial"]
[Site "Viljandi"]
[Date "2013.07.04"]
[Round "6"]
[White "Narva, Jaan"]
[Black "Tuul, Tarmo"]
[Result "0-1"]
[WhiteElo "2300"]
[BlackElo "2062"]
[PlyCount "90"]
[EventDate "2013.??.??"]
[EventCountry "EST"]

1. d4 Nf6 2. Nf3 c5 3. g3 cxd4 4. Nxd4 d5 5. Bg2 e5 6. Nb3 Nc6 7. O-O Be6 8.
Bg5 Be7 9. Bxf6 gxf6 10. c3 f5 11. f4 Qb6+ 12. Kh1 e4 13. Na3 h5 14. Nc2 h4 15.
gxh4 Rxh4 16. e3 O-O-O 17. Rf2 Rdh8 18. Bf1 Bf6 19. Ncd4 Ne7 20. Rc1 Kb8 21.
Qd2 Ng6 22. c4 dxc4 23. Bxc4 Be7 24. Rc2 Rh3 25. Bxe6 fxe6 26. Qc3 e5 27. Nxf5
Bb4 28. Qc4 exf4 29. exf4 e3 30. Rg2 Qd8 31. Nbd4 Nxf4 32. Qxb4 Qd5 33. Kg1
Nxg2 34. Rxg2 Qe4 35. Qd6+ Ka8 36. Ng3 Qb1+ 37. Nf1 a6 38. Qf4 Qd1 39. Qg4 Qc1
40. Nf5 Qc5 41. Re2 Qd5 42. Ne7 Qd1 43. Kg2 Qd6 44. Nf5 Qd5+ 45. Kg1 Rg8 0-1

[Event "47. Ilmar Raud Memorial"]
[Site "Viljandi"]
[Date "2013.07.04"]
[Round "6"]
[White "Kastelijn, Twan"]
[Black "Krupenski, Jüri"]
[Result "0-1"]
[WhiteElo "1971"]
[BlackElo "2299"]
[PlyCount "52"]
[EventDate "2013.??.??"]
[EventCountry "EST"]

1. d4 Nf6 2. c4 e6 3. Nc3 Bb4 4. e3 O-O 5. Bd3 d5 6. Nf3 c5 7. O-O Nc6 8. a3
Bxc3 9. bxc3 Qc7 10. Qe2 dxc4 11. Bxc4 e5 12. dxe5 Nxe5 13. Nxe5 Qxe5 14. f3
Be6 15. Bxe6 Qxe6 16. c4 Nd7 17. Bb2 Nb6 18. Rac1 Rad8 19. f4 Qe4 20. Rf3 f6
21. f5 Rd3 22. Rh3 Nxc4 23. Rxc4 Qxc4 24. Qh5 h6 25. Rg3 Rf7 26. h3 Qc2 0-1

[Event "47. Ilmar Raud Memorial"]
[Site "Viljandi"]
[Date "2013.07.04"]
[Round "6"]
[White "Narva, Triin"]
[Black "Krivonosov, Oleg"]
[Result "0-1"]
[WhiteElo "2083"]
[BlackElo "2471"]
[PlyCount "80"]
[EventDate "2013.??.??"]
[EventCountry "EST"]

1. e4 e5 2. Nc3 Nf6 3. g3 b6 4. Bg2 Bb7 5. d3 Be7 6. Nge2 d5 7. exd5 Nxd5 8.
O-O O-O 9. Nxd5 Bxd5 10. Nc3 Bxg2 11. Kxg2 Nc6 12. Re1 Qd7 13. Be3 f5 14. f3
Bf6 15. Qd2 Rad8 16. Rad1 Rfe8 17. Ne2 h6 18. c3 Qf7 19. b4 e4 20. fxe4 fxe4
21. d4 Ne5 22. Qc2 Nc4 23. Nf4 g5 24. Nh3 Bg7 25. Qf2 Qf3+ 26. Qxf3 exf3+ 27.
Kf2 g4 28. Nf4 Nd6 29. Rc1 Ne4+ 30. Kf1 Kh7 31. Bf2 Bf6 32. Rc2 Bg5 33. Nd3
Nd2+ 34. Kg1 Nc4 35. h4 Rxe1+ 36. Bxe1 Be3+ 37. Bf2 Re8 38. Bxe3 Rxe3 39. Nf4
Re1+ 40. Kf2 Rh1 0-1

[Event "47. Ilmar Raud Memorial"]
[Site "Viljandi"]
[Date "2013.07.04"]
[Round "6"]
[White "Korstin, Maris"]
[Black "Narva, Mai"]
[Result "1-0"]
[WhiteElo "2222"]
[BlackElo "1854"]
[PlyCount "93"]
[EventDate "2013.??.??"]
[EventCountry "EST"]

1. g3 e5 2. Bg2 d5 3. c4 Nf6 4. cxd5 Nxd5 5. Nc3 Nb6 6. Nf3 Nc6 7. O-O Be7 8.
a3 O-O 9. b4 a6 10. d3 Be6 11. Bb2 f5 12. Rc1 Rb8 13. Na4 Nxa4 14. Qxa4 Bf6 15.
Rc5 Qd7 16. Qc2 Qd6 17. Nd2 Ne7 18. Nc4 Bxc4 19. Qxc4+ Kh8 20. Rxc7 b6 21. Rc1
h6 22. Qxa6 e4 23. Bxf6 Qxf6 24. dxe4 fxe4 25. Rf1 Qe5 26. Rb7 Nd5 27. Rxb8
Rxb8 28. Qc4 Nf6 29. e3 Ra8 30. Qc6 Rxa3 31. Qxb6 Rb3 32. Qb7 Qd6 33. Qa8+ Kh7
34. Bxe4+ Nxe4 35. Qxe4+ Kh8 36. Rb1 Rc3 37. b5 Rc8 38. b6 Rb8 39. b7 Qc7 40.
Qd5 Qc2 41. Qb3 Qc6 42. Qb5 Qc7 43. Kg2 Qd6 44. e4 Qc7 45. Qd5 Qe7 46. e5 Qc7
47. e6 1-0

[Event "47. Ilmar Raud Memorial"]
[Site "Viljandi"]
[Date "2013.07.04"]
[Round "6"]
[White "Sirosh, Ilja"]
[Black "Valner, Uku"]
[Result "0-1"]
[WhiteElo "2033"]
[BlackElo "2215"]
[PlyCount "240"]
[EventDate "2013.??.??"]
[EventCountry "EST"]

1. d4 e6 2. c4 b6 3. a3 Bb7 4. Nc3 Nf6 5. d5 exd5 6. cxd5 g6 7. g3 Bg7 8. Bg2
O-O 9. Nh3 d6 10. O-O Nbd7 11. f4 Nc5 12. Nf2 Nfd7 13. e4 f5 14. Be3 Re8 15.
Re1 fxe4 16. Nfxe4 Nxe4 17. Nxe4 Bxb2 18. Bd4 Rxe4 19. Bxb2 Rxe1+ 20. Qxe1 Kf7
21. Qe6+ Kf8 22. f5 Nc5 23. Qe3 g5 24. Qd4 Qe7 25. Qh8+ Kf7 26. Qxh7+ Ke8 27.
Qxe7+ Kxe7 28. Re1+ Kf7 29. Bd4 g4 30. Bxc5 dxc5 31. Kf2 Rd8 32. d6 Bxg2 33.
dxc7 Rc8 34. Kxg2 Rxc7 35. h3 gxh3+ 36. Kxh3 c4 37. Kg4 c3 38. Kf4 c2 39. Rc1
Kf6 40. g4 Rc4+ 41. Ke3 Rxg4 42. Rxc2 Kxf5 43. Ra2 Ke5 44. Kd3 Rg3+ 45. Kc4 Kd6
46. a4 Kc6 47. Rh2 Kb7 48. a5 Rg4+ 49. Kb3 b5 50. Rh6 Ra4 51. Rg6 a6 52. Rg7+
Kc8 53. Rg8+ Kd7 54. Rg7+ Ke8 55. Ra7 Rxa5 56. Rh7 Ra4 57. Ra7 Kd8 58. Kc3 Kc8
59. Kb3 Kb8 60. Rh7 Rc4 61. Rg7 Rc7 62. Rg6 Kb7 63. Rh6 Rc6 64. Rh7+ Kb6 65.
Rh5 Rg6 66. Rh3 a5 67. Rh8 Rg3+ 68. Kb2 b4 69. Rh5 Rc3 70. Rh6+ Kb5 71. Rh5+
Rc5 72. Rh8 a4 73. Rb8+ Kc4 74. Rh8 b3 75. Rh4+ Kb5 76. Ka3 Rc4 77. Rh5+ Kc6
78. Rh6+ Kd5 79. Rh5+ Ke4 80. Rh4+ Kd3 81. Rh3+ Ke2 82. Rh2+ Kf3 83. Rh3+ Kg2
84. Rd3 Re4 85. Rd8 Kf1 86. Rf8+ Ke2 87. Rh8 Kd3 88. Rd8+ Rd4 89. Rh8 Kd2 90.
Kb2 Rb4 91. Rd8+ Ke3 92. Re8+ Kd4 93. Rh8 Kd5 94. Rh5+ Ke6 95. Rh6+ Kf5 96.
Rh5+ Kg4 97. Ra5 Re4 98. Ka3 Rd4 99. Ra8 Kf3 100. Rf8+ Ke3 101. Re8+ Kd2 102.
Kb2 Kd1 103. Rh8 Rd2+ 104. Kb1 Ke2 105. Re8+ Kd3 106. Ra8 Rh2 107. Rg8 Kc3 108.
Rg3+ Kb4 109. Rg4+ Ka3 110. Rg1 Rh3 111. Ka1 Kb4 112. Kb1 Rf3 113. Rh1 a3 114.
Rh4+ Kc3 115. Rh1 Rg3 116. Ka1 Rd3 117. Rg1 Re3 118. Rh1 a2 119. Rg1 Kb4 120.
Rh1 Ka3 0-1

[Event "47. Ilmar Raud Memorial"]
[Site "Viljandi"]
[Date "2013.07.05"]
[Round "6"]
[White "Koop, Vyacheslav"]
[Black "Narva, Regina"]
[Result "1-0"]
[WhiteElo "2181"]
[BlackElo "2048"]
[PlyCount "87"]
[EventDate "2013.??.??"]
[EventCountry "EST"]

1. e4 c5 2. Nf3 Nc6 3. d4 cxd4 4. Nxd4 Nf6 5. Nc3 d6 6. Bg5 Qb6 7. Bxf6 gxf6 8.
Nb3 Be6 9. Nd5 Bxd5 10. exd5 Ne5 11. Qe2 O-O-O 12. g3 Kb8 13. f4 Nd7 14. Bh3 h5
15. Bxd7 Rxd7 16. O-O-O Rc7 17. Kb1 f5 18. Qd3 e6 19. Rhe1 Rh6 20. a4 h4 21. a5
Qb4 22. a6 hxg3 23. hxg3 Rh2 24. Re2 Rxe2 25. Qxe2 Qe4 26. Qd2 bxa6 27. Re1
Qxd5 28. Qxd5 exd5 29. Nd4 Kb7 30. Nxf5 Rc8 31. Rh1 Kc6 32. Rh7 Rc7 33. Nd4+
Kb6 34. g4 Re7 35. g5 Kc5 36. c3 a5 37. f5 a4 38. f6 Re1+ 39. Kc2 Rg1 40. Rxf7
Rg2+ 41. Kb1 Kc4 42. Rxf8 a3 43. Rc8+ Kd3 44. f7 1-0

[Event "47. Ilmar Raud Memorial"]
[Site "Viljandi"]
[Date "2013.07.04"]
[Round "6"]
[White "Petrov, Dmitri"]
[Black "Kuusk, Andres"]
[Result "1-0"]
[WhiteElo "1889"]
[BlackElo "2154"]
[PlyCount "43"]
[EventDate "2013.??.??"]
[EventCountry "EST"]

1. e4 c5 2. Nf3 g6 3. d4 cxd4 4. Qxd4 Nf6 5. e5 Nc6 6. Qa4 Nd5 7. Qe4 Nb6 8.
Bb5 a6 9. Bxc6 dxc6 10. O-O Bg7 11. c4 Bf5 12. Qh4 Qd3 13. b3 Qe4 14. Bf4 h6
15. Nc3 Qd3 16. Rac1 g5 17. Qg3 gxf4 18. Qxg7 O-O-O 19. Rfd1 Rhg8 20. Qxf7 Rdf8
21. Qxe7 Rxg2+ 22. Kh1 1-0

[Event "47. Ilmar Raud Memorial"]
[Site "Viljandi"]
[Date "2013.07.04"]
[Round "6"]
[White "Kukk, Sander"]
[Black "Nero, Georg"]
[Result "1-0"]
[WhiteElo "2201"]
[BlackElo "1666"]
[PlyCount "77"]
[EventDate "2013.??.??"]
[EventCountry "EST"]

1. b3 Nf6 2. Bb2 e6 3. e3 Be7 4. Nf3 O-O 5. d4 c5 6. Bd3 Nc6 7. a3 d5 8. O-O b6
9. Nbd2 cxd4 10. exd4 Qc7 11. Qe2 Bd6 12. Rae1 Re8 13. Ne5 Bb7 14. f4 Qe7 15.
b4 Nd7 16. Rf3 f5 17. Nxd7 Qxd7 18. g3 Re7 19. b5 Na5 20. a4 Rc8 21. Re3 Kf7
22. Nf3 h6 23. Nd2 g6 24. h4 Rg8 25. Bc3 Nc4 26. Nxc4 dxc4 27. Bxc4 Be4 28. Bd3
Bd5 29. Bb2 Rc8 30. c4 Bb7 31. Kh2 h5 32. Rc1 Qc7 33. Qf2 Bb4 34. Re2 Qd6 35.
Qe3 Ba3 36. c5 Bxc5 37. dxc5 bxc5 38. Bc4 Bd5 39. Qe5 1-0

[Event "47. Ilmar Raud Memorial"]
[Site "Viljandi"]
[Date "2013.07.05"]
[Round "7"]
[White "Neiksans, Arturs"]
[Black "Kovalev, Vladislav"]
[Result "1/2-1/2"]
[WhiteElo "2549"]
[BlackElo "2555"]
[PlyCount "48"]
[EventDate "2013.??.??"]
[EventCountry "EST"]
[TimeControl "40/5400+30:900+30"]

1. e4 e5 2. Nf3 Nc6 3. Bb5 a6 4. Ba4 Nf6 5. O-O Be7 6. d3 b5 7. Bb3 d6 8. a4
Rb8 9. axb5 axb5 10. Nbd2 O-O 11. c3 Bb7 12. Re1 Ra8 13. Rxa8 Qxa8 14. Nf1 Na5
15. Bc2 c5 16. Ng3 g6 17. Bg5 Nc6 18. Qd2 Re8 19. Nh4 Qd8 20. f4 exf4 21. Bxf4
Nh5 22. Nhf5 Nxf4 23. Nxe7+ Qxe7 24. Qxf4 Ne5 1/2-1/2

[Event "47. Ilmar Raud Memorial"]
[Site "Viljandi"]
[Date "2013.07.05"]
[Round "7"]
[White "Agopov, Mikael"]
[Black "Volodin, Aleksandr"]
[Result "1-0"]
[WhiteElo "2429"]
[BlackElo "2487"]
[PlyCount "125"]
[EventDate "2013.??.??"]
[EventCountry "EST"]
[TimeControl "40/5400+30:900+30"]

1. e4 c5 2. Nf3 e6 3. d4 cxd4 4. Nxd4 Nc6 5. Nc3 Qc7 6. Be3 Nf6 7. Be2 a6 8.
O-O Bb4 9. Na4 O-O 10. c4 Bd6 11. g3 Nxe4 12. c5 Be7 13. Rc1 f5 14. Nb6 Ra7 15.
Bf4 Qd8 16. b4 Bf6 17. Be3 Nxb4 18. Nxf5 Nxa2 19. Nd6 Nxc1 20. Qxc1 Nc3 21. Qd2
Nxe2+ 22. Qxe2 Qc7 23. Rd1 Qc6 24. Qg4 a5 25. Ndxc8 Rxc8 26. Nxd7 Be7 27. Bh6
Bf8 28. Rd6 Qc7 29. Nf6+ Kh8 30. Rd7 Qxd7 31. Nxd7 gxh6 32. Ne5 Rc7 33. Qf4 Kg8
34. Qg4+ Kh8 35. Qxe6 Ra8 36. Nf7+ Rxf7 37. Qxf7 Rc8 38. Qf5 Re8 39. Kf1 a4 40.
Qd7 Re7 41. Qxa4 Kg8 42. Qg4+ Kf7 43. Qf5+ Ke8 44. Qc8+ Kf7 45. Kg2 Kg8 46. f4
Re2+ 47. Kh3 Re7 48. Kg4 Rg7+ 49. Kf5 Rf7+ 50. Ke4 Re7+ 51. Kd5 Kf7 52. h3 Bg7
53. Qf5+ Kg8 54. h4 Bf8 55. Qc8 Kf7 56. g4 Bg7 57. g5 hxg5 58. hxg5 h6 59. Qf5+
Kg8 60. g6 Bf8 61. Qc8 h5 62. f5 Kg7 63. f6+ 1-0